Mīr sāmān-i vajūd: (Record no. 331916)
[ view plain ]
| 000 -LEADER | |
|---|---|
| fixed length control field | 01013nam a22002297a 4500 |
| 003 - CONTROL NUMBER IDENTIFIER | |
| control field | NUST |
| 005 - DATE AND TIME OF LATEST TRANSACTION | |
| control field | 20190228104741.0 |
| 008 - FIXED-LENGTH DATA ELEMENTS--GENERAL INFORMATION | |
| fixed length control field | 171102b xxu||||| |||| 00| 0 eng d |
| 020 ## - INTERNATIONAL STANDARD BOOK NUMBER | |
| International Standard Book Number | 9789694163932 |
| Terms of availability | Hbk |
| 038 ## - RECORD CONTENT LICENSOR | |
| Staff Name | Arshad |
| 040 ## - CATALOGING SOURCE | |
| Transcribing agency | NUST |
| 082 ## - DEWEY DECIMAL CLASSIFICATION NUMBER | |
| Classification number | 200.1 |
| Author Mark | EAT |
| 100 ## - MAIN ENTRY--PERSONAL NAME | |
| Personal name | Eaton, Gai ( Ḥasan ʻAbdulḥakīm) |
| 9 (RLIN) | 5840 |
| 245 ## - TITLE STATEMENT | |
| Title | Mīr sāmān-i vajūd: |
| Remainder of title | jahān sarāʼe hastī mein̲ insānī ik̲h̲tiyār aur zimmahdārī / |
| Statement of responsibility, etc. | Gai Eaton [i.e.] Ḥasan ʻAbdul Ḥakīm ; tarjumah, Muḥammad Suhail ʻUmar, N'amānah ʻUmar. |
| 260 ## - PUBLICATION, DISTRIBUTION, ETC. | |
| Place of publication, distribution, etc. | Lahore: |
| Name of publisher, distributor, etc. | Iqbal academy Pakistan, |
| Date of publication, distribution, etc. | 2007 |
| 300 ## - PHYSICAL DESCRIPTION | |
| Extent | 144 p. |
| 650 ## - SUBJECT ADDED ENTRY--TOPICAL TERM | |
| Topical term or geographic name entry element | Iqbaliyat |
| 9 (RLIN) | 81 |
| 880 ## - ALTERNATE GRAPHIC REPRESENTATION | |
| Linkage | 100-01\(3\r |
| Title | حسن عبد الحکیم |
| 880 ## - ALTERNATE GRAPHIC REPRESENTATION | |
| Linkage | 245-02\(3\r |
| Title | میر سامان وجود: |
| b | جھاں سرائے ھستی میں انسانی اختیار اور ذمہ داری |
| c | ترجمہ: محمد سھیل عمر، نعمانہ عمر |
| 880 ## - ALTERNATE GRAPHIC REPRESENTATION | |
| Linkage | 260-03\(3\r |
| Title | لاہور: |
| b | اقبال اکادمی پاکستان، |
| c | 2007 |
| 942 ## - ADDED ENTRY ELEMENTS (KOHA) | |
| Source of classification or shelving scheme | |
| Koha item type | Book |
| Withdrawn status | Lost status | Source of classification or shelving scheme | Damaged status | Not for loan | Permanent Location | Current Location | Shelving location | Date acquired | Total Checkouts | Full call number | Barcode | Date last seen | Date last checked out | Copy number | Price effective from | Koha item type |
|---|---|---|---|---|---|---|---|---|---|---|---|---|---|---|---|---|
| Central Library (CL) | Central Library (CL) | Book Cart | 11/02/2017 | 1 | 928.91439 EAT | CL2162 | 09/21/2022 | 09/20/2022 | 1 | 11/02/2017 | Book |
